Missing Word: 1993 Movies Quiz Stats

 Plays Quiz Updated Oct 8, 2012

     
Support Sporcle.
Go Orange.
Score 0/20 Timer 04:00
0 Plays Today
Hint Answer % Correct
Groundhog _____Day
98.2%
Schindler's _____List
98%
_____ DoubtfireMrs.
97.6%
Sleepless in _____Seattle
97.1%
Much Ado About _____Nothing
91.7%
Robin Hood: Men in _____Tights
89.9%
_____ WillyFree
88.7%
_____ and ConfusedDazed
88.1%
What's Eating _____ GrapeGilbert
83.5%
The _____ Before ChristmasNightmare
80.2%
Hint Answer % Correct
Demolition _____Man
73.3%
The _____ of InnocenceAge
72.9%
_____ ProposalIndecent
72.9%
In the _____ of FireLine
67.6%
Last _____ HeroAction
58%
_____ and JoonBenny
51.9%
_____ for Bobby Fischer Searching
43.9%
_____ ParkJurassic
43.9%
_____ SunRising
32.9%
The _____ of the DayRemains
31.7%

Today's Daily Dose

Missing Word
Brands of Alcohol

Word Ladder
A Little Room?

Get the Picture
SpongeBob Rivalry

From the Vault

Franchise by Poster Mash-Up

by Sheldon

Movies 6m
Aliens? Really? Yes, we're still upset.
Remove Ads.
Support Sporcle.
Get the best of Sporcle when you Go Orange. This ad-free experience offers more features, more stats, and more fun while also helping to support Sporcle. Thank you for becoming a member.

Show Comments

Extras

Top Quizzes Today


Score Distribution

Your Account Isn't Verified!

In order to create a playlist on Sporcle, you need to verify the email address you used during registration. Go to your Sporcle Settings to finish the process.

Report this User

Report this user for behavior that violates our Community Guidelines.

Details: